Imagination and rigor (Record no. 26325)

MARC details
000 -LEADER
fixed length control field 00523nam a2200181Ia 4500
005 - DATE AND TIME OF LATEST TRANSACTION
control field 20250530110702.0
008 - FIXED-LENGTH DATA ELEMENTS--GENERAL INFORMATION
fixed length control field 231207s9999 xx 000 0 und d
020 ## - INTERNATIONAL STANDARD BOOK NUMBER
International Standard Book Number 9788847003200
040 ## - CATALOGING SOURCE
Transcribing agency PK-LaNCA
082 ## - DEWEY DECIMAL CLASSIFICATION NUMBER
Classification number 502.2
Item number IMA
100 ## - MAIN ENTRY--PERSONAL NAME
Author Name Termini, Settimo(Editor)
245 #0 - TITLE STATEMENT
Title Imagination and rigor
Statement of responsibility, etc. Edited by Settimo Termini
260 ## - PUBLICATION, DISTRIBUTION, ETC.
Name of publisher, distributor, etc. Springer-Verlag
Place of publication, distribution, etc. Italia
Date of publication, distribution, etc. 2006
300 ## - PHYSICAL DESCRIPTION
Pages xii, 186p
546 ## - LANGUAGE NOTE
Language note English
650 ## - SUBJECT ADDED ENTRY--TOPICAL TERM
Subject Scientific heritage--Essays, Scientific research, Cybernetic
942 ## - ADDED ENTRY ELEMENTS (KOHA)
Koha item type M. Phil.
999 ## -
-- 26325
-- 26325
Holdings
Withdrawn status Weedout from Library Permanent Location Current Location Shelving location Date acquired Full call number Barcode Price effective from Koha item type
    NATIONAL COLLEGE OF ARTS, LAHORE - LIBRARY NATIONAL COLLEGE OF ARTS, LAHORE - LIBRARY M.Phil Section Basement of Library 08/12/2023 502.2 IMA 30727 30727 08/12/2023 M. Phil.